Reforming Health Care Systems : (Record no. 615091)

MARC details
000 -LEADER
fixed length control field 00582nam a2200193 a 4500
008 - FIXED-LENGTH DATA ELEMENTS--GENERAL INFORMATION
fixed length control field 260221s1996##################000#0#eng##
020 ## - INTERNATIONAL STANDARD BOOK NUMBER
ISBN 9781858983295
082 04 - DEWEY DECIMAL CLASSIFICATION NUMBER
Classification number 338.433621
Item number CUL
100 1# - MAIN ENTRY--AUTHOR NAME
Personal name (Economics), British Association for the Advancement of Science. Section F,
245 10 - TITLE STATEMENT
Title Reforming Health Care Systems :
260 ## - PUBLICATION, DISTRIBUTION, ETC. (IMPRINT)
Name of publisher Edward Elgar Publishing,
Year of publication 1996.
300 ## - PHYSICAL DESCRIPTION
Number of Pages 200 pages
650 #0 - SUBJECT ADDED ENTRY--TOPICAL TERM
Topical Term Business & Economics.
942 ## - ADDED ENTRY ELEMENTS (KOHA)
Koha item type English Books
Holdings
Withdrawn status Lost status Damaged status Not for loan Home library Current library Shelving location Date acquired Full call number Accession Number Price effective from Koha item type
        Anna Centenary Library Anna Centenary Library 4TH FLOOR, A WING 21.02.2026 338.433621 CUL 343872 21.02.2026 English Books

Find us on the map